000 00857nam a22002777a 4500
001 BR0804693
003 BR-BrBNA
005 20230928102639.0
007 ta
008 230509b bl.||||| |||| 00| 0 por d
040 _aBR-BrBNA
_bpor
_cBiblioteca Nacional de Agricultura
041 _a(Por)
072 _aH01
090 _ H01 BR0804693
100 1 _aMeneses, A.G.
110 1 _aUniversidade Federal de Lavras, MG (Brasil)
_0Tese (Mestrado)
245 1 _aProdução de enzimas pectinolíticas e seletividade de produtos fitossanitários sobre o agente biológico "G088"
260 3 _aLavras, MG (Brasil):
_c2007.
300 _a96 p.
500 _aSummaries (Eng, Por); Several bibliography; 12 tables; 6 illus.
650 _aENZIMA
650 _aPRODUÇÃO
650 _aAGROTÓXICO
909 _a202309
_bLucia
_c55
_dLucia Elande
942 _cBK
999 _c71845
_d71845